Stones from the river/ (Record no. 1230)

MARC details
000 -LEADER
fixed length control field 00594nam a2200217 a 4500
005 - DATE AND TIME OF LATEST TRANSACTION
control field 20260322212052.0
008 - FIXED-LENGTH DATA ELEMENTS--GENERAL INFORMATION
fixed length control field data
010 ## - LIBRARY OF CONGRESS CONTROL NUMBER
LC control number 93-033533
020 ## - INTERNATIONAL STANDARD BOOK NUMBER
International Standard Book Number 068484477X (pbk)
020 ## - INTERNATIONAL STANDARD BOOK NUMBER
International Standard Book Number 9780684844770 (pbk)
040 ## - CATALOGING SOURCE
Original cataloging agency Donation
099 ## - LOCAL FREE-TEXT CALL NUMBER (OCLC)
Classification number HEGIU
001 - CONTROL NUMBER
control field data
100 1# - MAIN ENTRY--PERSONAL NAME
Personal name Hegi, Ursula.
245 10 - TITLE STATEMENT
Title Stones from the river/
Statement of responsibility, etc. Ursula Hegi.
250 ## - EDITION STATEMENT
Edition statement 1st Scribner Paperback ed.
260 ## - PUBLICATION, DISTRIBUTION, ETC.
Place of publication, distribution, etc. New York
Name of publisher, distributor, etc. Simon & Schuster
Date of publication, distribution, etc. 1995
300 ## - PHYSICAL DESCRIPTION
Extent 525 p. ;
Dimensions 20 cm.
650 #4 - SUBJECT ADDED ENTRY--TOPICAL TERM
Topical term or geographic name entry element City and town life
Geographic subdivision Germany
Chronological subdivision History 20th century
Form subdivision fiction
650 #4 - SUBJECT ADDED ENTRY--TOPICAL TERM
Topical term or geographic name entry element Women librarians
Geographic subdivision Germany
Form subdivision fiction
Holdings
Withdrawn status Lost status Damaged status Not for loan Home library Current library Shelving location Date acquired Total checkouts Full call number Barcode Date last seen Price effective from Koha item type
        Franklin Franklin General stacks 22/03/2026   GEN BC0011270 22/03/2026 22/03/2026 Books